000 01643nam a2200265Ia 4500
999 _c55738
_d55738
001 22833
003 GE_BSU
005 20211104165804.0
008 181216s2010||||ge |||||||||||||| ||geo||
020 _a19875916
040 _cGE_BSU
041 _ageo
080 _a378.4(479.22)(063) ჩ-55
245 _aჩვენი სულიერების ბალავარი :
_bსაერთაშორისო სამეცნიერო კონფერენციის მასალები.კრებული II
_cმთ.რედ.ბიჭიკო დიასამიძე, ტომის რედ. მანუჩარ ლორია, სარედ. საბჭო ნ. ბარამიძე., ს. კუპრაშვილი და სხვ.; ბათუმის შოთა რუსთაველის სახ-ფო უნ-ტი. ქრისტიანული კულტურის კვლევის ცენტრი
264 _aთბილისი :
_bუნივერსალი,
_c2010.
300 _a204 გვ.;
_b20 სმ.
504 _aბიბლიოგრ. ტექსტის შენიშვნებში.
541 _h8 ლ.
653 _aკრებული
653 _aჩვენი სულიერების ბალავარი
653 _aკონფერენციის მასალები
700 _aდიასამიძე, ბიჭიკო
_eრედაქტორი
_912838
700 _aლორია, მანუჩარ
_eრედაქტორი
_92194
942 _cBK
_2udc